Statistics for Biggest cities in Saxony

Click here to take the quiz!

General Stats

  • This quiz has been taken 54 times
  • The average score is 9 of 15

Answer Stats

PopulationCity% Correct
597,493Leipzig
100%
556,227Dresden
98%
244,401Chemnitz
85%
55,784Görlitz
83%
87,516Zwickau
83%
28,231Meißen
76%
64,014Plauen
66%
38,006Bautzen
63%
39,948Freiberg
49%
38,284Pirna
49%
29,256Riesa
41%
31,790Hoyerswerda
39%
33,843Radebeul
34%
28,149Grimma
29%
39,405Freital
20%

Score Distribution

Percentile by Number Answered

Percent of People with Each Score

Your Score History

You have not taken this quiz